000 01201aam a2200337 i 4500
001 768714001
003 CO-MdFUSB
005 20240209142223.0
007 ta
008 231030t19932005spa||||g |||| 00| 0 spa d
020 _a8439710488
040 _aCO-MdFUSB
_bspa
_cCO-MdFUSB
_dCO-MdFUSBC
_erda
041 _aspa
082 _223
_a863.6
_bF884
100 _aFresán, Rodrigo,
_eautor
245 _aVidas de santos
_c/ Rodrigo Fresán
250 _aPrimera edición
264 1 _aBarcelona, España :
_bMondadori,
_c[1993]
264 4 _c©2005
300 _a303 páginas
_c; 24 cm
336 _2rdacontent
_atexto
_btxt
337 _2rdamedia
_asin mediación
_bn
338 _2rdacarrier
_avolumen
_bnc
490 _aLiteratura Mondadori.
504 _aincluye índice
505 _aAlgunas postales desde el vaticano -- El descenso a los cielos -- El pánico de la huida considerada -- Música para destruir mundos -- La quietud del purgatorio -- El ascenso a los infiernos -- La memoria de todas las cosas -- La última serie -- El espíritu santo -- Pequeña guía de canciones tristes.
563 _aRústico.
653 _aLiteratura Argentina
942 _cBK
945 _asor1564
999 _c69224
_d69224